प्रतिभावंत / (Record no. 59717)
[ view plain ]
| 000 -LEADER | |
|---|---|
| fixed length control field | 01152nam a22002537a 4500 |
| 005 - DATE AND TIME OF LATEST TRANSACTION | |
| control field | 20111207162222.0 |
| 008 - FIXED-LENGTH DATA ELEMENTS--GENERAL INFORMATION | |
| fixed length control field | 111207t xxu||||| |||| 00| 0 mar d |
| 010 ## - LCCN (DPL NO) | |
| LC control number | MAR-21788 |
| 020 ## - INTERNATIONAL STANDARD BOOK NUMBER | |
| Terms of availability | 300.00 |
| 035 ## - SYSTEM CONTROL NUMBER | |
| System control number | MR-14446 |
| 037 ## - SOURCE OF ACQUISITION | |
| Source of stock number/acquisition | DBAD/PUB |
| 040 ## - CATALOGING SOURCE | |
| Original cataloging agency | DPL |
| Language of cataloging | MR |
| 082 ## - DEWEY DECIMAL CLASSIFICATION NUMBER | |
| Classification number | 920 |
| 100 ## - MAIN ENTRY--PERSONAL NAME | |
| 9 (RLIN) | 36528 |
| 245 ## - TITLE STATEMENT | |
| Title | प्रतिभावंत / |
| Statement of responsibility, etc | अरुणा सबाने द्वारा संपादित |
| 246 ## - VARYING FORM OF TITLE | |
| Title proper/short title | Pratibhbhavant |
| Remainder of title | edited by Aruna Sabane |
| 260 ## - PUBLICATION, DISTRIBUTION, ETC. (IMPRINT) | |
| Place of publication, distribution, etc | नागपूर |
| Name of publisher, distributor, etc | आकांक्षा प्रकाशन |
| Date of publication, distribution, etc | 2009 |
| 270 ## - ADDRESS | |
| Address | 265,मिलेनीअम बिल्डिंग, वेस्ट हाय, कोर्ट रोड , बजाजनगर, |
| City | नागपूर |
| Postal code | -10 |
| 300 ## - PHYSICAL DESCRIPTION | |
| Extent | भा.1,309पृ. |
| Dimensions | 22सेमी(अजिल्द) |
| 500 ## - GENERAL NOTE | |
| General note | भा.1 |
| 700 ## - ADDED ENTRY--PERSONAL NAME | |
| Personal name | सबाने,अरुणा |
| 9 (RLIN) | 37263 |
| 942 ## - ADDED ENTRY ELEMENTS (KOHA) | |
| Source of classification or shelving scheme | Dewey Decimal Classification |
| Item type | Marathi Books |
| Call number suffix | प्रतिभा |
| Classification part | 920 |
| Withdrawn status | Lost status | Source of classification or shelving scheme | Materials specified (bound volume or other part) | Damaged status | Not for loan | Collection code | Home library | Current library | Date acquired | Source of acquisition | Cost, normal purchase price | Total Checkouts | Full call number | Barcode | Date last seen | Copy number | Cost, replacement price | Koha item type |
|---|---|---|---|---|---|---|---|---|---|---|---|---|---|---|---|---|---|---|
| Dewey Decimal Classification | भा.1 | Not For Loan | Non-fiction | D.B.Act.Division | D.B.Act.Division | 20/12/2011 | DBAD/PUB | 300.00 | 920 प्रतिभा | MR-14446 | 20/12/2011 | 1 | 300.00 | Marathi Books |
